Online Catalogue and eLibrary

Rights and Right to Participate: (Record no. 4412)

MARC details
000 -LEADER
fixed length control field 00604nam a2200205Ia 4500
005 - DATE AND TIME OF LATEST TRANSACTION
control field 20250130004434.0
008 - FIXED-LENGTH DATA ELEMENTS--GENERAL INFORMATION
fixed length control field 240331s9999 xx 000 0 und d
020 ## - INTERNATIONAL STANDARD BOOK NUMBER
ISBN 9556070397
082 ## - DDC Classification
Item Number - Author Mark PIN
DDC Edition Number 6524
Class No. 304.2
245 #0 - TITLE STATEMENT
Title Rights and Right to Participate:
Remainder of title Democracy, Development and Human Rights in Post Colonial Sri Lanka
260 ## - PUBLICATION, DISTRIBUTION, ETC.
Place of publication, distribution, etc. Colombo
Name of publisher, distributor, etc. Friedrich-Ebert-Stiftung
Date of publication, distribution, etc. 2003
300 ## - PHYSICAL DESCRIPTION
Extent (e.g. Volumes, Pages etc.) xvii, 179 p.,
650 ## - SUBJECT ADDED ENTRY--TOPICAL TERM
Topical term or geographic name entry element Democracy
650 ## - SUBJECT ADDED ENTRY--TOPICAL TERM
Topical term or geographic name entry element Post Colonialism
650 ## - SUBJECT ADDED ENTRY--TOPICAL TERM
Topical term or geographic name entry element Human Rights
650 ## - SUBJECT ADDED ENTRY--TOPICAL TERM
Topical term or geographic name entry element Development
700 ## - ADDED ENTRY--PERSONAL NAME
Personal name Pinnawela, S
Relator term (Role) Editor
700 ## - ADDED ENTRY--PERSONAL NAME
Personal name Karunarathne, H
Relator term (Role) Editor
942 ## - Koha item type (Biblio)
Koha item type Books in Stacks (Lending)
Holdings
Lost status Damaged status Collection code Home library Current library Shelving location Date acquired Full call number Accession Number Item type
    Lending WERC Library WERC Library Social Science Cupboard 03/31/2024 304.2 RIG 6524 Books in Stacks (Lending)

© WERC Library